000 00526nam a22001937a 4500
003 OSt
005 20160425185128.0
008 160425b xxu||||| |||| 00| 0 eng d
020 _a052148328x
040 _cDDC.
082 _a103CAM 1995.
100 _aEdited by Robert, Audi.
_98280
245 _aThe Cambridge Dictionary of Philosophy:
260 _aUK.
_bCambridge University Press.
_c1995.
300 _axxviii,882p;
_bill;
_c25cm.
504 _aindex are included.
650 _aPhilosophy..
_96457
942 _2ddc
_cSLOAN
999 _c3755
_d3755